Stellensuche. Bewerbung. Kündigung <Ein> Programm zur Erweiterung der Ausdrucksfähigkeit im Deutschen. Lehr- und Arbeitsbuch. Baustein 3

Gespeichert in:
Bibliographische Detailangaben
1. Verfasser: Häusler, Gudrun
Weitere Verfasser: Scherling, Theo, Häublein, Gernot
Format: Buch
Sprache:Deutsch
Veröffentlicht: Berlin Langenscheidt 1984
Ausgabe:1. Aufl.
Schlagworte:
Tags: Tag hinzufügen
Keine Tags, Fügen Sie das erste Tag hinzu!

MARC

LEADER 00000nam a2200000 4500
001 c012096
005 20221207074202.5
020 |a 3-468-49825-X 
041 0 |a ger 
044 |a DE 
245 1 0 |a Stellensuche. Bewerbung. Kündigung  |b <Ein> Programm zur Erweiterung der Ausdrucksfähigkeit im Deutschen. Lehr- und Arbeitsbuch. Baustein 3  |c Gudrun Häusler, Theo Scherling, Gernot Häublein 
250 |a 1. Aufl. 
264 1 |a Berlin  |b Langenscheidt  |c 1984 
300 |a 95 s. 
610 2 0 |a jazykoveda 
610 2 0 |a terminológia 
610 2 0 |a nemčina 
610 2 0 |a miesta pracovné 
610 2 0 |a zamestnanosť 
610 2 0 |a výpoveď 
100 1 |a Häusler, Gudrun 
700 1 |a Scherling, Theo 
700 1 |a Häublein, Gernot